00814nam a2200229 a 4500001000900000005001700009008004100026020001500067041000800082044000800090050002300098245018500121260004200306300004800348500001100396650002800407651003800435700002100473700001700494700002000511710005300531BRL_119820190320211058.0271113s1978----gw-a#####c---#000-0#ger-# a3805303858 ager ager 4aDS69.A2b.S86 197810aSumer, Assur, BabylonbSieben Jahrtausende Kunst und Kultur an Euphrat und Tigrisc[Redaktion, Eva Strommenger ; Autoren, Karin Adahl...[et al.] ; Übersetzungen, Yvette Mottier]. aMainz/RheinbPhilipp von Zabernc1978 a228 p.bil. (algunas a color) mapasc23 cm. aAu139414aArtevCatálogoszIrak 4aIrakvCatálogosxAntigüedades1 aStrommenger, Eva1 aAdahl, Karin1 aMottier, Yvette2 aMuseum für Vor-und Frühgeschichte (Berlín)